书目信息 |
| 题名: |
关于时间
|
|
| 作者: | 弗兰克 著 ;谢懿 译 | |
| 分册: | ||
| 出版信息: | 北京 科学出版社 2015 |
|
| 页数: | 16,407页 | |
| 开本: | 23cm | |
| 丛书名: | ||
| 单 册: | ||
| 中图分类: | P19-49 , P159.3 | |
| 科图分类: | ||
| 主题词: | 时间--shi jian--普及读物 , 普及读物--pu ji du wu | |
| 电子资源: | ||
| ISBN: | 978-7-03-042506-5 | |
| 000 | 01368nam0 22003131 450 | |
| 001 | 0118172131 | |
| 005 | 20170618172131.0 | |
| 010 | @a978-7-03-042506-5@dCNY48.00 | |
| 100 | @a20150106d2015 em y0chiy50 ea | |
| 101 | 1 | @achi@ceng |
| 102 | @aCN@b110000 | |
| 105 | @aa z 000yy | |
| 106 | @ar | |
| 200 | 1 | @a关于时间@Aguan yu shi jian@e大爆炸暮光中的宇宙学和文化@dAbout time@f(美)亚当·弗兰克著@g谢懿译@zeng |
| 210 | @a北京@c科学出版社@d2015 | |
| 215 | @a16,407页@c图@d23cm | |
| 300 | @a混沌沿岸 | |
| 312 | @a书名原文:About time: cosmology and culture at the twilight of the big bang | |
| 330 | @a在书中弗兰克还讲述了人类最深刻的问题——万物于何时并如何起源?——以及人类是如何感受时间的。他着眼于我们和这个世界间的交互——我们的发明和习惯等,已让我们探索宇宙的特性,以及这些发现反过来又是如何体现在我们的日常生活中的。本书将会改变我们思考时间,以及它如何影响我们生活的方式。 | |
| 510 | 1 | @aAbout time@ecosmology and culture at the twilight of the big bang@zeng |
| 517 | 1 | @a大爆炸暮光中的宇宙学和文化@Ada bao zha mu guang zhong de yu zhou xue he wen hua |
| 606 | 0 | @a时间@Ashi jian@j普及读物 |
| 606 | 0 | @a普及读物@Apu ji du wu |
| 690 | @aP19-49@v5 | |
| 690 | @aP159.3@v5 | |
| 701 | 0 | @c(美)@a弗兰克@Afu lan ke@c(天体物理学)@4著 |
| 702 | 0 | @a谢懿@Axie yi@f(1981~)@4译 |
| 801 | 0 | @aCN@bTANGWEI@c20170610 |
| 905 | @b1008531-6@dP19-49@e200@f6 | |
| 关于时间:大爆炸暮光中的宇宙学和文化=About time/(美)亚当·弗兰克著/谢懿译.-北京:科学出版社,2015 |
| 16,407页:图;23cm |
| 混沌沿岸 |
| ISBN 978-7-03-042506-5:CNY48.00 |
| 在书中弗兰克还讲述了人类最深刻的问题——万物于何时并如何起源?——以及人类是如何感受时间的。他着眼于我们和这个世界间的交互——我们的发明和习惯等,已让我们探索宇宙的特性,以及这些发现反过来又是如何体现在我们的日常生活中的。本书将会改变我们思考时间,以及它如何影响我们生活的方式。 |
| ● |
| 相关链接 |
|
|
|
|
正题名:关于时间
索取号:P19-49/200
 
预约/预借
| 序号 | 登录号 | 条形码 | 馆藏地/架位号 | 状态 | 备注 |
| 1 | 1008531 | 210085316 | 第二样本阅览室/ [索取号:P19-49/200] | 在馆 | |
| 2 | 1008532 | 210085325 | 教育系资料室/ [索取号:P19-49/200] | 在馆 | |
| 3 | 1008533 | 210085334 | 教育系资料室/ [索取号:P19-49/200] | 在馆 | |
| 4 | 1008534 | 210085343 | 教育系资料室/ [索取号:P19-49/200] | 在馆 | |
| 5 | 1008535 | 210085352 | 第三借阅区/ [索取号:P19-49/200] | 在馆 | |
| 6 | 1008536 | 210085361 | 第三借阅区/ [索取号:P19-49/200] | 在馆 |